00580nam a2200169Ia 4500003000900000008004100009020001800050040001600068080002300084100001700107245016100124260003700285300001400322650004100336650001300377650002000390IN-BaIIA211028s9999 xx 000 0 eng d a0-7923-2455-2 cIIA Library a52(082.1)bASS-185 aPalmer, P. L 0aStability of collisionless stellar systemsbmechanisms for the dynamical structure of galaxiescP. L. Palmer  aDordrechtbKluwer Academicc1994 aix, 349p. aAstronomy and Astrophysics Thesaurus aGalaxies aStellar systems